Szwedzkie Marki Samochodów - Statystyki

Ogólne statystyki
  • Ten quiz został rozwiązany 55 razy
  • Średni wynik to 3 z 5
Statystyki odpowiedzi
Obrazkowy Odpowiedź % Poprawnych
Volvo
100%
Saab
85%
Scania
77%
Koenigsegg
60%
Polestar
28%
Nie znaleziono quizów pasujących do podanych kryteriów
Rozkład punktacji
Procent ludzi z każdym wynikiem
Percentyl według liczby udzielonych odpowiedzi
Twoja historia wyników
Nie rozwiązałeś tego quizu